000 01268nam0a2200325 4500
001 RU\NLR\BIBL_A\012593200
005 20211123161336.0
010 _a978-5-386-14200-1
021 _aRU
_bКН-П-21-030814
_9КН-П-21-2390
035 _a(NLR Aleph) 012593200
090 _a12558889
_c12558889
100 _a20210909d2021 e y0rusy50 ca
101 1 _arus
_cswe
102 _aRU
105 _ay z 000ay
181 0 _ai
_baxxe
182 0 _an
200 1 _aСмотреть на звезды
_e(вопрос - половинка сердца)
_fСофия Лундберг
_gперевод со шведского Е. Ю. Савиной
203 _aТекст
_bвизуальный
_cнепосредственный
210 _aМосква
_cРИПОЛ КЛАССИК
_d2021
215 _a365, [2] с.
_d21
225 1 _aFeel Good
300 _aНа обл.: Лучший Feel Good на вашей полке!
686 1 _aШ6(4Шв)67-440.4{Лх1489-50}
700 1 _aЛундберг
_bС.
_f1974-
_gСофия
_3RU\NLR\AUTH\770193571
942 _cBOOK
980 _aNB